[Event "Satka Autumn 2017"]
[Site "Satka"]
[Date "2017.09.17"]
[Round "6"]
[White "Nasyrova, Ekaterina"]
[Black "Pogorelskikh, Sofia"]
[Result "1/2-1/2"]
[WhiteElo "2017"]
[BlackElo "2023"]
[Annotator "NA"]
[PlyCount "206"]
[EventDate "2017.??.??"]
[EventType "swiss"]
[EventCountry "RUS"]
[SourceTitle "playchess.com"]
[Source "ChessBase"]
[SourceQuality "1"]
[TimeControl "5400+30"]

1. d4 {[%emt 0:00:00]} Nf6 {[%emt 0:00:09]} 2. c4 {[%emt 0:00:00]} g6 {[%emt 0:00:12]} 3. g3 {[%emt 0:00:00]} Bg7 {[%emt 0:06:53]} 4. Bg2 {[%emt 0:00:18]} d5 {[%emt 0:02:10]} 5. cxd5 {[%emt 0:00:19]} Nxd5 {[%emt 0:00:13]} 6. Nf3 {[%emt 0:00:19]} O-O {[%emt 0:01:30]} 7. O-O {[%emt 0:00:45]} Nb6 {[%emt 0:06:57]} 8. Nc3 {[%emt 0:00:29]} Nc6 {[%emt 0:05:13]} 9. e3 {[%emt 0:01:18]} e5 {[%emt 0:01:06]} 10. d5 {[%emt 0:00:45] LiveBook: 466 Games} Nb8 {[%emt 0:05:50] D76: Grünfeldindisch (Fianchetto HV 7... Sb6)} (10... Ne7 $11 11. e4 Bg4 12. h3 Bxf3 13. Qxf3 c6 14. Rd1 cxd5 15. exd5 Nf5 16. d6 Rb8 17. Qd3 Nd7 18. Ne4 Qb6 19. Bg5 Rfc8 20. Rac1 Nd4 21. Be7 f5 22. Ng5 e4 23. Bxe4 fxe4 24. Qxe4 Rc5 25. Rxc5 Qxc5 26. Rxd4 Bxd4 {0-1 (38) Mchedlishvili,M (2601)-Savchenko,B (2618) Subic Bay 2016}) 11. e4 {[%emt 0:14:55]} c6 {[%emt 0:02:20]} 12. Be3 $146 {[%emt 0:06:06]} ({Vorgänger:} 12. Qb3 cxd5 13. exd5 Na6 14. Be3 Qd6 15. Rfd1 Rd8 16. a3 Bd7 17. Ng5 Nc5 18. Qb4 {1-0 (28) Kozma,J-Kopriva,J Sternberk 1962}) 12... cxd5 {[%emt 0:03:45]} 13. exd5 {[%emt 0:06:28]} Nc4 {[%emt 0:11:05]} 14. Bc5 {[%emt 0:05:45]} Re8 {[%emt 0:08:07]} 15. Qe2 {[%emt 0:00:43]} b6 {[%emt 0:04:06]} 16. Qxc4 {[%emt 0:08:43]} Ba6 {[%emt 0:00:34]} 17. Nb5 {[%emt 0:10:25]} bxc5 {[%emt 0:00:28]} 18. a4 {[%emt 0:07:33]} Nd7 {[%emt 0:04:10]} 19. Rfe1 {[%emt 0:01:59]} Qa5 {[%emt 0:06:26]} (19... e4 $11 {remains equal.} 20. Rxe4 Nb6 21. Rxe8+ Qxe8) 20. Ng5 {[%emt 0:08:45]} Nb6 {[%emt 0:07:39]} 21. Qxc5 {[%emt 0:13:38]} Nxa4 $2 {[%emt 0:01:47]} (21... Rac8 {is a better defense.} 22. b4 Rxc5 23. bxa5 Nd7) 22. Qc7 {[%emt 0:02:45]} Qxb5 {[%emt 0:00:28]} 23. Qxf7+ {[%emt 0:00:25]} Kh8 {[%emt 0:00:05] [#]} 24. Ne6 $2 {[%emt 0:02:34]} (24. Nxh7 $1 {[%mdl 512]} Qxb2 (24... Kxh7 25. Re4) 25. Rxa4) 24... Rg8 {[%emt 0:06:21]} 25. d6 {[%emt 0:01:34]} Rab8 {[%emt 0:06:56]} 26. Nc7 {[%emt 0:01:36]} (26. Nxg7 $18 Rxg7 27. Qf6) 26... Qb6 {[%emt 0:01:06]} 27. Rxa4 {[%emt 0:03:38]} Rgf8 {[%emt 0:03:15]} 28. Rxa6 {[%emt 0:00:24]} Rxf7 {[%emt 0:02:27]} 29. Rxb6 {[%emt 0:00:15]} Rxb6 {[%emt 0:00:48]} 30. Rd1 {[%emt 0:00:28]} Rd7 {[%emt 0:00:51]} 31. Ne8 {[%emt 0:00:28]} Rxb2 {[%emt 0:01:33]} 32. Bc6 {[%emt 0:00:16]} Rd8 {[%emt 0:00:27]} 33. d7 {[%emt 0:00:18]} Bf8 {[%emt 0:01:02]} 34. Nd6 {[%emt 0:02:11]} Bxd6 {[%emt 0:00:27]} 35. Rxd6 {[%emt 0:00:03]} Rb6 {[%emt 0:00:52]} 36. Re6 {[%emt 0:00:05]} Kg7 {[%emt 0:00:22]} 37. Re7+ {[%emt 0:00:59]} Kf6 {[%emt 0:00:23]} 38. Re8 {[%emt 0:00:14]} Rbb8 {[%emt 0:00:38]} 39. Kg2 {[%emt 0:00:19]} a5 {[%emt 0:00:28]} 40. Kf3 {[%emt 0:00:19]} Kf7 {[%emt 0:00:32]} 41. Rxe5 {[%emt 0:00:15]} Rb3+ {[%emt 0:00:29]} 42. Kg2 {[%emt 0:00:15]} Rb6 {[%emt 0:00:41]} 43. Ba4 {[%emt 0:00:33]} Ra6 {[%emt 0:00:27]} 44. Kh3 {[%emt 0:00:48]} Kf6 {[%emt 0:00:21]} 45. Re8 {[%emt 0:00:16]} Raa8 {[%emt 0:00:06]} 46. f4 {[%emt 0:00:19]} Kf7 {[%emt 0:00:15]} 47. Re5 {[%emt 0:00:26]} Ra7 {[%emt 0:00:44]} 48. Kg4 {[%emt 0:00:47]} Kf6 {[%emt 0:00:54]} 49. h4 {[%emt 0:00:47]} h5+ {[%emt 0:00:20]} 50. Kf3 {[%emt 0:00:23]} Rdxd7 {[%emt 0:00:50]} 51. Bxd7 {[%emt 0:00:14]} Rxd7 {[%emt 0:00:15]} 52. Rxa5 {[%emt 0:00:06]} Rd3+ {[%emt 0:00:04]} 53. Kf2 {[%emt 0:00:09]} Rb3 {[%emt 0:00:17]} 54. Rg5 {[%emt 0:00:29]} Rb2+ {[%emt 0:00:05]} 55. Ke3 {[%emt 0:00:52]} Rb3+ {[%emt 0:00:06]} 56. Kd4 {[%emt 0:00:26]} Rb4+ {[%emt 0:00:34]} 57. Kc3 {[%emt 0:00:33]} Ra4 {[%emt 0:00:11]} 58. Kb3 {[%emt 0:00:18]} Re4 {[%emt 0:00:13]} 59. Kc3 {[%emt 0:00:47]} Ra4 {[%emt 0:00:23]} 60. Kd3 {[%emt 0:00:04]} Ra3+ {[%emt 0:00:19]} 61. Ke4 {[%emt 0:00:07]} Ra4+ {[%emt 0:00:11]} 62. Kf3 {[%emt 0:00:16]} Ra3+ {[%emt 0:00:06]} 63. Kg2 {[%emt 0:00:03]} Ra2+ {[%emt 0:00:05]} 64. Kh3 {[%emt 0:00:03]} Ra3 {[%emt 0:00:07]} 65. Re5 {[%emt 0:00:41]} Rb3 {[%emt 0:00:24]} 66. Kg2 {[%emt 0:00:45]} Ra3 {[%emt 0:00:32]} 67. Kf2 {[%emt 0:00:06]} Ra2+ {[%emt 0:00:44]} 68. Kf3 {[%emt 0:01:50]} Ra3+ {[%emt 0:00:08]} 69. Kg2 {[%emt 0:02:34]} Ra2+ {[%emt 0:00:07]} 70. Kh3 {[%emt 0:00:06]} Ra3 {[%emt 0:00:08]} 71. Rb5 {[%emt 0:00:21]} Rc3 {[%emt 0:00:30]} 72. Rb6+ {[%emt 0:00:18]} Kf5 {[%emt 0:01:10]} 73. Rb8 {[%emt 0:00:22]} Ra3 {[%emt 0:00:47]} 74. Rf8+ {[%emt 0:00:22]} Ke6 {[%emt 0:00:13]} 75. Re8+ {[%emt 0:01:15]} Kf5 {[%emt 0:00:21]} 76. Re5+ {[%emt 0:00:30]} Kf6 {[%emt 0:00:05]} 77. Rg5 {[%emt 0:00:10]} Rb3 {[%emt 0:00:10]} 78. Kg2 {[%emt 0:00:04]} Rb2+ {[%emt 0:00:07]} 79. Kf3 {[%emt 0:00:03]} Rb3+ {[%emt 0:00:07]} 80. Ke4 {[%emt 0:00:25]} Rb4+ {[%emt 0:00:08]} 81. Kd3 {[%emt 0:01:45]} Rb3+ {[%emt 0:00:20]} 82. Kc4 {[%emt 0:00:06]} (82. Kc2 $5 {[%cal Rc2b3]} Rf3 83. Kd2 $16) 82... Ra3 {[%emt 0:00:08]} 83. Kb4 {[%emt 0:00:47]} Rf3 {[%emt 0:00:09]} 84. Kc5 {[%emt 0:00:26]} Rc3+ {[%emt 0:00:21]} 85. Kd6 {[%emt 0:00:29]} Rd3+ {[%emt 0:00:22]} 86. Kc6 {[%emt 0:00:08]} Rc3+ {[%emt 0:00:06]} 87. Kd7 {[%emt 0:00:04]} Rd3+ {[%emt 0:00:39]} 88. Ke8 {[%emt 0:00:13]} Ra3 {[%emt 0:00:24]} 89. Kd7 {[%emt 0:01:31]} Rd3+ {[%emt 0:00:24]} 90. Kc6 {[%emt 0:00:24]} Rd4 {[%emt 0:01:03]} 91. Kb5 {[%emt 0:01:02]} Re4 {[%emt 0:00:13]} 92. Kc5 {[%emt 0:00:15]} Ra4 {[%emt 0:00:08]} 93. Kd6 {[%emt 0:01:16]} Rd4+ {[%emt 0:00:10]} 94. Kc7 {[%emt 0:00:14]} Rc4+ {[%emt 0:00:05]} 95. Kd8 {[%emt 0:00:15]} Ra4 {[%emt 0:00:31]} 96. Kc7 {[%emt 0:01:01]} Rc4+ {[%emt 0:00:05]} 97. Kd6 {[%emt 0:00:16]} Rd4+ {[%emt 0:00:04]} 98. Kc5 {[%emt 0:00:08]} Ra4 {[%emt 0:00:11]} 99. Kd5 {[%emt 0:00:46]} Ra5+ {[%emt 0:00:25]} 100. Ke4 {[%emt 0:00:50]} Ra4+ {[%emt 0:00:07]} 101. Kf3 {[%emt 0:00:05]} Ra3+ {[%emt 0:00:05]} 102. Kg2 {[%emt 0:00:22]} Ra2+ {[%emt 0:00:06]} 103. Kh3 {[%emt 0:00:04]} Ra3 {[%emt 0:00:14]} 1/2-1/2

[Event "Satka Autumn 2017"]
[Site "Satka"]
[Date "2017.09.17"]
[Round "6"]
[White "Mukhina, Jana"]
[Black "Trapeznikova, Darya"]
[Result "0-1"]
[WhiteElo "1923"]
[BlackElo "2101"]
[Annotator "TA"]
[PlyCount "48"]
[EventDate "2017.??.??"]
[EventType "swiss"]
[EventCountry "RUS"]
[SourceTitle "playchess.com"]
[Source "ChessBase"]
[SourceQuality "1"]

{[%evp 17,48,23,46,13,45,36,35,31,51,18,52,48,49,20,70,21,105,35,64,45,87,40,25,38,56,59,54,27,25,22,25,-109,-100]} 1. e4 e5 2. Nf3 Nc6 3. Bb5 a6 4. Ba4 Nf6 5. d3 d6 6. c3 g6 7. O-O Bg7 8. Re1 O-O 9. h3 Nd7 {LiveBook: 4 Games. C77: Ruy Lopez: 3...a6 4 Ba4 Nf6, unusual lines} (9... Nb8 10. d4 Nbd7 11. Bc2 c6 12. Be3 Qc7 13. Nbd2 b5 14. b4 a5 15. dxe5 Nxe5 16. Nxe5 dxe5 17. Nb3 axb4 18. cxb4 {½-½ (63) Zhao,J (2613)-Ding,L (2757) Xinghua 2015}) 10. Be3 Re8 $146 ({Find the theoretical novelty and annotate with similar games:} 10... f5 11. Bb3+ Kh8 12. Ng5 f4 13. Ne6 fxe3 14. Rxe3 Qe7 15. Nxf8 Nxf8 16. Rf3 Be6 17. Nd2 Bxb3 18. Qxb3 {0-1 (33) Trzaskowska,H (1318)-Schneider,J (2135) Poprad 2016}) 11. b4 Nf8 {White is slightly better.} 12. Nbd2 Ne6 13. Bb3 Qf6 14. g3 h6 15. Nf1 Kh7 16. Kg2 Rg8 (16... Qd8 $11 {remains equal.}) 17. Bd2 (17. N1h2 $16) 17... Qe7 18. Ne3 Rf8 19. a4 Qd7 20. Rh1 f5 21. exf5 gxf5 22. Nh4 Ne7 23. Qh5 f4 {[#] aiming for ...Qc6+.} 24. Nef5 (24. Nd5 $11 Nxd5 25. Bxd5) 24... Nxf5 {Precision: White = 20%, Black = 40%.} 0-1

[Event "Satka Autumn 2017"]
[Site "Satka"]
[Date "2017.09.18"]
[Round "7"]
[White "Charochkina, Daria"]
[Black "Nasyrova, Ekaterina"]
[Result "1-0"]
[WhiteElo "2339"]
[BlackElo "2017"]
[Annotator "TA"]
[PlyCount "71"]
[EventDate "2017.??.??"]
[EventType "swiss"]
[EventCountry "RUS"]
[SourceTitle "playchess.com"]
[Source "ChessBase"]
[SourceQuality "1"]

{[%evp 24,71,12,8,4,-11,0,-7,0,-47,-23,-24,-31,-17,0,-60,-35,-42,24,24,24,0,28,-12,106,94,109,100,153,158,154,158,198,187,472,347,350,348,333,343,343,293,331,332,375,177,337,317,900,899]} 1. d4 d5 2. c4 e6 3. Nc3 Nf6 4. cxd5 exd5 5. Bg5 c6 6. Qc2 Be7 7. e3 O-O 8. Bd3 h6 9. Bh4 Re8 10. Nf3 Ne4 {D36: Queen's Gambit Declined: Exchange Variation: Main line (5 Bg5 c6 6 Qc2)} 11. Bxe7 Qxe7 12. Bxe4 (12. O-O Nd7 13. b4 Ndf6 14. Rab1 Nxc3 15. Qxc3 Ne4 16. Qc2 Be6 17. Ne5 f6 18. Ng6 Qf7 19. Nf4 g5 20. f3 Nd6 21. Bg6 Qf8 22. Bxe8 gxf4 {½-½ (35) Michiels,B (2502)-Solodovnichenko,Y (2615) Metz 2012}) 12... dxe4 13. Nd2 {[%cal Rc2e4] LiveBook: 4 Games} f5 14. h3 Na6 $146 ({Predecessor:} 14... Nd7 15. g4 Nf6 16. gxf5 Bxf5 17. O-O-O Nd5 18. Nb3 {½-½ (28) Kas Fromm,R (2080)-Pytel,B (2020) Budapest 1984}) 15. a3 Nc7 16. O-O-O Be6 17. g4 $1 Nd5 18. gxf5 Bxf5 19. Nc4 (19. Kb1 $11) 19... b5 20. Ne5 Rec8 (20... Rac8 $15) 21. Qb3 $1 $11 Qe6 22. Kb1 Rab8 23. Rc1 Nf6 (23... Nxc3+ $1 $11 24. Qxc3 Rb7) 24. Qxe6+ $16 Bxe6 25. Ne2 Bd5 {[#]} (25... Nd5 $142) 26. Nf4 $1 b4 {With the idea ...bxa3.} 27. a4 Kf8 28. Rc5 Ke7 $2 (28... Ke8 29. Rhc1 Nd7) 29. Rhc1 Kd6 30. Nxd5 Nxd5 31. Rxc6+ ({But not} 31. Nxc6 Nc3+ 32. bxc3 Rxc6 $18) 31... Rxc6 32. Rxc6+ $18 {KRN-KRN} ({Weaker is} 32. Nxc6 Rf8 $16) 32... Ke7 33. Rg6 Rg8 34. Ng4 (34. Ka2 $142) 34... Kf7 $2 (34... h5 {is a better defense.}) 35. Rd6 Nf6 $2 {[#]} (35... Nb6 36. a5 Nc8 37. Ne5+ Ke7) 36. Rxf6+ $1 {[%mdl 512] Precision: White = 58%, Black = 24%.} 1-0

[Event "Satka Autumn 2017"]
[Site "Satka"]
[Date "2017.09.18"]
[Round "7"]
[White "Mirzoeva, Elmira"]
[Black "Schepetkova, Margarita"]
[Result "1/2-1/2"]
[WhiteElo "2329"]
[BlackElo "2266"]
[Annotator "TA"]
[PlyCount "81"]
[EventDate "2017.??.??"]
[EventType "swiss"]
[EventCountry "RUS"]
[SourceTitle "playchess.com"]
[Source "ChessBase"]
[SourceQuality "1"]

{[%evp 23,81,-4,-4,-4,-4,0,14,12,12,8,15,7,12,12,21,15,16,15,14,21,63,56,51,43,41,41,38,10,10,10,9,7,7,7,9,8,8,0,0,0,0,0,0,0,0,0,0,0,0,0,0,0,0,0,0,0,0,0,0,0]} 1. Nf3 d5 2. d4 Nf6 3. c4 c6 4. Nc3 e6 5. Bg5 dxc4 6. a4 Bb4 7. e4 Qa5 8. Bd2 {D44: Semi-Slav: Botvinnik System} c5 9. Bxc4 cxd4 10. Nxd4 O-O 11. Nc2 Nc6 12. O-O Rd8 {[#] LiveBook: 3 Games. Strongly threatening ...Bxc3.} 13. Nxb4 Qxb4 14. b3 Qe7 15. Qc1 (15. Re1 Ne5 {1-0 (60) Nakamura,H (2791)-Giri,A (2769) Saint Louis 2016}) 15... b6 16. f3 $146 Na5 17. Be3 Nxc4 18. bxc4 Ba6 19. Nb5 Rac8 20. Qa3 Qxa3 21. Rxa3 Rd7 22. a5 h6 23. axb6 Bxb5 $1 24. cxb5 axb6 25. Ra6 {Threatens to win with Rb1.} Rd3 {The position is equal.} 26. Bxb6 Rb3 $1 27. Ra5 Rb8 28. Bd4 R3xb5 29. Rxb5 Rxb5 30. Bxf6 gxf6 $11 {[%mdl 4096] Endgame KR-KR} 31. Kf2 f5 32. exf5 Rxf5 33. Ra1 Kg7 34. Ra8 Rb5 35. Rc8 Ra5 36. Rb8 Rc5 37. Ra8 Rb5 38. Rc8 Ra5 39. Rb8 Rc5 40. Ra8 Rb5 41. Rc8 {Precision: White = 78%, Black = 71%.} 1/2-1/2

[Event "Satka Autumn 2017"]
[Site "Satka"]
[Date "2017.09.18"]
[Round "7"]
[White "Makarenko, Alexandra"]
[Black "Nosacheva, Mariya"]
[Result "0-1"]
[WhiteElo "2251"]
[BlackElo "2077"]
[Annotator "TA"]
[PlyCount "76"]
[EventDate "2017.??.??"]
[EventType "swiss"]
[EventCountry "RUS"]
[SourceTitle "playchess.com"]
[Source "ChessBase"]
[SourceQuality "1"]

{[%evp 14,76,-17,0,14,7,51,-50,-38,-37,-45,-221,-216,-217,-210,-208,-201,-200,-212,-234,-209,-219,-216,-312,-301,-389,-389,-524,-389,-389,-396,-412,-412,-412,-412,-412,-412,-421,-412,-5122,-6306,-5122,-6229,-6219,-6178,-6178,-6170,-29995,-6070,-4132,-753,-2077,-1780,-1526,-1264,-1083,-993,-29984,-29985,-29995,-29991,-29991,-29992,-29992,-29993]} 1. e4 c5 2. Nf3 d6 3. d4 cxd4 4. Nxd4 Nf6 5. Nc3 a6 6. Bc4 e6 7. Bg5 Be7 8. Bb3 {LiveBook: 19 Games} Qa5 {B95: Sicilian Najdorf: 6 Bg5 e6, unusual White 7th moves} (8... b5 9. a3 O-O 10. f4 Bb7 11. Qe2 Nbd7 12. O-O-O Qc7 13. e5 dxe5 14. Nxe6 fxe6 15. Bxe6+ Kh8 16. Bxd7 Bxa3 17. Bxf6 Rxf6 {0-1 (37) Yogesh,G (2269)-Gopal,G (2525) Cappelle la Grande 2016}) 9. Qd2 Nc6 (9... h6 {feels hotter.} 10. Bxf6 Bxf6 11. O-O-O Nd7 12. g4 Nc5) 10. Bxf6 $146 (10. Nxc6 $14 bxc6 11. O-O) ({Predecessor:} 10. Nxc6 bxc6 11. O-O Qc7 12. Rad1 Bb7 13. f4 O-O-O 14. f5 d5 15. e5 Ne4 16. Nxe4 dxe4 {½-½ (37) Van den Heever,D (2254)-Ranaivoharisoa,A (2083) Tripoli 2009}) 10... Bxf6 $15 {Black is slightly better.} 11. Nxc6 bxc6 12. Qxd6 $2 (12. Rd1 $15 Be7 13. O-O) 12... Bxc3+ $19 13. bxc3 Qxc3+ 14. Ke2 a5 {[%cal Ba6a5,Ba5a4][%mdl 32]} 15. f3 {[#] And now Rhd1 would win.} Ba6+ $1 ({Not} 15... a4 16. Rhd1 $16) 16. Kf2 {Black must now prevent Rhd1.} Rd8 17. Qf4 {[#]} a4 $1 {[%mdl 512]} 18. Rad1 (18. Rhd1 {was forced.} Rxd1 19. Rxd1) (18. Bxa4 Qd4+) 18... O-O ({And not} 18... axb3 19. Rxd8+ Kxd8 20. Qb8+ Kd7 21. Qa7+ Kd6 22. Rd1+ Ke5 23. Qc7+ Kf6 24. Qf4+ Kg6 25. Qg4+ Kf6 26. Qh4+ Kg6 27. Qg4+ Kh6 28. Qh4+ Kg6 29. Qg4+ $11) 19. Rxd8 Rxd8 20. Bxa4 Qd4+ 21. Kg3 Qxa4 22. Qc7 {[%cal Rc7d8]} Rc8 23. Rd1 {Threatening mate with Rd8+.} h6 ({Inferior is} 23... Rxc7 24. Rd8#) 24. Rd8+ Rxd8 25. Qxd8+ Kh7 26. Qe8 (26. Qa8 $142) 26... Qxc2 27. Qxf7 Bf1 28. h4 Qxg2+ 29. Kf4 Qxa2 {( -> ...e5+!)} 30. Kg4 Qg2+ (30... Qh2 $142 31. Qf5+ exf5+ 32. exf5 Bc4 33. Kh5 Qf4 34. f6 Qxf3#) 31. Kf4 Qg6 32. Qd7 Bg2 33. Ke3 Qf6 34. f4 Qc3+ 35. Kf2 Qf3+ {Black mates.} 36. Kg1 Qg3 37. Qd2 Bxe4+ 38. Kf1 Bd3+ {Precision: White = 26%, Black = 86%.} 0-1

[Event "Satka Autumn 2017"]
[Site "Satka"]
[Date "2017.09.18"]
[Round "7"]
[White "Protopopova, Anastasiya"]
[Black "Vinokur, Yuliya"]
[Result "1-0"]
[WhiteElo "2152"]
[BlackElo "2086"]
[Annotator "TA"]
[PlyCount "137"]
[EventDate "2017.??.??"]
[EventType "swiss"]
[EventCountry "RUS"]
[SourceTitle "playchess.com"]
[Source "ChessBase"]
[SourceQuality "1"]

1. d4 {Program Activation Required} Nf6 2. c4 c5 3. d5 b5 4. cxb5 a6 5. bxa6 Bxa6 6. Nc3 g6 7. g3 Bg7 8. Bg2 d6 9. Nf3 Nbd7 10. Rb1 O-O 11. O-O Qa5 12. Qc2 Rfb8 13. Bd2 Bb5 {A58: Wolga/Benkö-Gambit} (13... Qc7 14. b3 Nb6 15. Nh4 Qb7 16. b4 cxb4 17. Rxb4 Qc7 18. Rc1 Nc4 19. Nd1 Rxb4 20. Bxb4 Qa7 21. e3 Ne5 22. a3 Nd3 23. Rb1 Ng4 24. Nf3 Rc8 25. Qd2 Bh6 26. Nd4 Ndxf2 {0-1 (26) Sumets,A (2614)-Bologan,V (2684) France 2010}) 14. b3 Qa6 15. Rfe1 Nb6 16. Nxb5 Qxb5 {[#]} 17. a4 $146 ({Vorgänger:} 17. e4 Ng4 18. a4 Qa6 19. Bf1 Qa7 20. h3 Ne5 21. Nxe5 Bxe5 {1-0 (56) Zakhartsov,V (2520)-Ponkratov,P (2407) Voronezh 2004}) 17... Qa6 18. e4 c4 19. a5 cxb3 20. Rxb3 Rc8 21. Qb1 Nc4 22. Bf1 Rc7 23. Rc1 Qc8 24. Bxc4 Rxc4 25. Rxc4 Qxc4 26. Rb8+ Rxb8 27. Qxb8+ Bf8 28. Qb6 Qxe4 29. a6 Qxd5 30. Qb7 Qxb7 31. axb7 Nd7 32. Ba5 Nb8 33. Bc7 Na6 34. b8=Q Nxb8 35. Bxb8 f6 36. Kf1 Kf7 37. Ke2 e5 38. Nd2 Ke6 39. Kd3 Be7 40. Nf1 Bd8 41. Ba7 Be7 42. Ne3 Bf8 43. Kc4 Be7 44. Nd5 Bf8 45. Bb6 Bh6 46. h3 f5 47. Nc7+ Kd7 48. Kd5 Bd2 49. Nb5 Bb4 50. f3 Be1 51. g4 fxg4 52. fxg4 h5 53. Nxd6 hxg4 54. hxg4 Bg3 55. Nc4 e4 56. Kxe4 Ke6 57. Bd8 Bb8 58. Bg5 Bc7 59. Nb2 Bb6 60. Nd3 Ba5 61. Nf4+ Kf7 62. Kd5 Bc3 63. Nd3 Ba5 64. Ne5+ Kg7 65. Ke6 Bb4 66. Bf6+ Kh6 67. Kf7 g5 68. Nf3 Ba5 69. Bg7+ 1-0

[Event "Satka Autumn 2017"]
[Site "Satka"]
[Date "2017.09.18"]
[Round "7"]
[White "Trapeznikova, Darya"]
[Black "Kovanova, Baira"]
[Result "0-1"]
[WhiteElo "2101"]
[BlackElo "2368"]
[Annotator "TA"]
[PlyCount "58"]
[EventDate "2017.??.??"]
[EventType "swiss"]
[EventCountry "RUS"]
[SourceTitle "playchess.com"]
[Source "ChessBase"]
[SourceQuality "1"]

{[%evp 17,58,0,-3,-46,-7,-9,-8,-4,-13,-59,-39,-34,-6,-4,-8,-62,-62,-144,-142,-271,-270,-256,-235,-227,-255,-242,-232,-377,-379,-375,-377,-357,-348,-618,-618,-691,-567,-598,-598,-587,-581,-29989,-29990]} 1. d4 Nf6 2. c4 e6 3. Nc3 Bb4 4. e3 O-O 5. Nge2 Re8 6. a3 Bf8 7. Ng3 d5 8. Be2 {E46: Nimzo-Indian: Rubinstein: 4 e3 0-0 5 Ne2 without early Bd3} b6 9. cxd5 exd5 {LiveBook: 20 Games} 10. Nh5 $146 {The position is equal.} ({Predecessor:} 10. b4 Bb7 11. O-O Nbd7 12. Qb3 c6 13. Bf3 a6 14. Rd1 b5 15. e4 Nb6 {0-1 (51) Gupta,A (2627)-Wei,Y (2725) Liaocheng 2017}) 10... Bb7 11. Nxf6+ Qxf6 12. O-O Nd7 13. f3 c5 14. dxc5 Bxc5 15. Nxd5 Qe5 16. Bc4 (16. Nc3 $11 Bxe3+ 17. Bxe3 Qxe3+ 18. Kh1) 16... Rad8 $15 {White must now prevent ...Nf8.} 17. Kh1 {[#]} (17. Qb3 $15) 17... b5 $1 $17 {[%cal Rb5c4][%mdl 512]} 18. Bb3 {[#]} (18. Ba2 $17 {was called for.}) (18. Bxb5 Bxd5) 18... Nb6 $1 $19 {[%cal Rb6d5]} (18... Bd6 19. g3 $15) 19. e4 Nxd5 ({Less strong is} 19... Bxd5 20. exd5 Nc4 21. Qc2 $15) 20. exd5 Bxd5 21. Bxd5 Rxd5 $40 {[%mdl 128] Black has strong attack.} ({Weaker is} 21... Qxd5 22. Qxd5 Rxd5 23. Bf4 $15) 22. Qb3 (22. Qc2 $142) 22... Bd6 {[%csl Gd6][%cal Re5h2]} 23. f4 Qe2 {[%cal Re2f1]} 24. Rg1 Qe4 25. Qg3 $2 (25. Qc3 Bc5 26. Bd2 Bxg1 27. Kxg1) 25... Bc5 26. Rf1 Qe2 {[%cal Re2f1]} 27. Qf3 Qxf3 28. gxf3 Re2 {( -> ...Rh5)} 29. b4 Rh5 {Precision: White = 27%, Black = 87%.} 0-1

[Event "Satka Autumn 2017"]
[Site "Satka"]
[Date "2017.09.18"]
[Round "7"]
[White "Gutkovich, Polina"]
[Black "Matsenko, Elena"]
[Result "1-0"]
[WhiteElo "2012"]
[BlackElo "1927"]
[Annotator "NA RC"]
[PlyCount "69"]
[EventDate "2017.??.??"]
[EventType "swiss"]
[EventCountry "RUS"]
[SourceTitle "playchess.com"]
[Source "ChessBase"]
[SourceQuality "1"]
[TimeControl "5400+30"]

{[%evp 9,69,28,29,6,27,24,18,-10,-5,-27,20,21,29,31,22,24,72,79,75,83,93,93,122,106,137,96,56,0,8,0,350,363,373,187,210,81,105,48,211,272,281,252,244,145,130,129,325,318,339,340,568,679,606,797,820,720,1022,1007,1122,1280,29993,1977]} 1. d4 {[%emt 0:00:00]} Nf6 {[%emt 0:00:10]} 2. c4 {[%emt 0:00:00]} e6 {[%emt 0:00:06]} 3. g3 {[%emt 0:00:00]} d5 {[%emt 0:00:10]} 4. Bg2 {[%emt 0:00:00]} dxc4 {[%emt 0:00:19]} 5. Nf3 {[%emt 0:00:00]} Bd7 {[%emt 0:00:16]} 6. Ne5 {[%emt 0:00:59]} Bc6 {[%emt 0:00:10]} 7. Nxc6 {[%emt 0:02:10]} Nxc6 {[%emt 0:00:08]} 8. Qa4 {[%emt 0:01:58]} Qd7 {[%emt 0:00:24] E04: Open Catalan: 5 Nf3} 9. Qxc4 {[%emt 0:02:54]} Nd5 {[%emt 0:00:58]} 10. e3 {[%emt 0:04:55]} O-O-O {[%emt 0:00:24]} 11. Nc3 {[%emt 0:02:02] LiveBook: 4 Games} Kb8 $146 {[%emt 0:00:21]} ({Predecessor:} 11... h5 12. h4 f5 13. Bd2 Kb8 14. O-O-O Nb6 15. Qb5 Nb4 16. Qxd7 Rxd7 17. Bf1 Bd6 18. Kb1 Rhd8 19. Bc1 N4d5 20. Ne2 Nf6 21. Bg2 c6 22. Rhf1 {½-½ (22) Donchenko,A (2567)-Moiseenko,A (2710) Biel 2015}) 12. Bd2 {[%emt 0:02:03]} Ncb4 {[%emt 0:05:06]} 13. O-O {[%emt 0:01:43]} Nc6 {[%emt 0:00:47]} 14. a3 {[%emt 0:01:29]} h5 {[%emt 0:00:08]} 15. b4 {[%emt 0:02:29]} Nb6 {[%emt 0:02:05]} 16. Qb3 {[%emt 0:02:44]} h4 {[%emt 0:00:30]} 17. Rfb1 {[%emt 0:10:14]} f5 {[%emt 0:00:44]} 18. a4 {[%emt 0:02:02]} (18. Ne2 $16) 18... hxg3 {[%emt 0:05:44]} 19. hxg3 {[%emt 0:00:23]} Bd6 $2 {[%emt 0:05:49]} (19... Bxb4 $11 20. Ne4 Be7) 20. a5 {[%emt 0:04:37]} Nc8 {[%emt 0:00:10]} 21. d5 {[%emt 0:01:02]} (21. Na4 $142) 21... exd5 {[%emt 0:01:51]} (21... Be5 $16 {might work better.}) 22. b5 {[%emt 0:00:05]} ({Not} 22. Qxd5 Be5 $11) (22. Nxd5 $18 {and White stays clearly on top.} Ne5 23. b5) 22... N6e7 {[%emt 0:00:35]} 23. Nxd5 {[%emt 0:07:51]} ({Resist} 23. a6 b6 $11) (23. Ra2 $16) 23... Be5 $2 {[%emt 0:00:44]} (23... Bxg3 $1 $11 {and Black has nothing to worry.} 24. b6 cxb6 25. axb6 a6 26. Nxe7 Qxe7) 24. Nxe7 {[%emt 0:04:19]} Qxe7 {[%emt 0:00:21]} 25. Ra2 {[%emt 0:02:13]} g5 {[%emt 0:00:58]} 26. a6 {[%emt 0:14:17]} b6 {[%emt 0:00:24]} 27. Bb4 {[%emt 0:01:59]} Qf6 $2 {[%emt 0:02:03]} (27... Qe8 $16) 28. f4 {[%emt 0:02:33]} gxf4 {[%emt 0:03:05]} 29. gxf4 {[%emt 0:00:08]} Qh4 {[%emt 0:02:12]} (29... Rh6 {is a better defense.} 30. fxe5 Qxe5) 30. fxe5 {[%emt 0:00:25]} Qh2+ {[%emt 0:00:13]} 31. Kf1 {[%emt 0:00:07]} f4 {[%emt 0:05:04]} 32. Rf2 {[%emt 0:01:23]} Qh7 {[%emt 0:04:21]} 33. exf4 {[%emt 0:02:46]} Rd3 {[%emt 0:00:17]} 34. Qc2 {[%emt 0:00:29]} Rhd8 {[%emt 0:00:56]} 35. Re1 $18 {[%emt 0:01:02]} (35. Qc6 $142 Rd1+ 36. Be1 Rxe1+ 37. Rxe1 Qd3+ 38. Rfe2 Qxe2+ 39. Kxe2 Rd2+ 40. Kxd2 Ne7 41. Qb7#) 1-0